000 00327nam a2200121Ia 4500
005 20260326235450.0
008 260326s9999||||xx |||||||||||||| ||und||
100 _aVillanueva, Paulina
245 0 _aVillanueva en 3 Casas /
_cPaulina Villanueva
260 _bUniversidad Central de Venezuela
650 _aARQUITECTOS
942 _cBK
999 _c7743
_d7743